[Event "España Tch-Primera Division Sur"]
[Site "Santa Cruz de Tenerife ESP"]
[Date "2006.08.24"]
[Round "2"]
[White "Camino Carrio, Nicanor"]
[Black "Villavicencio Martinez, Carlos Luis"]
[Result "1-0"]
[WhiteElo "2141"]
[BlackElo "2157"]
[PlyCount "101"]
[EventDate "2006.08.23"]
[EventType "team"]
[EventRounds "2"]
[EventCountry "ESP"]
[Source "lmi"]
[SourceDate "2006.08.23"]
[WhiteTeam "CLUB AJEDREZ ANAND"]
[BlackTeam "C.A. AKFUR BUBAQUE COTELEC"]

1. e4 c5 2. Nf3 a6 3. c4 e6 4. d4 cxd4 5. Nxd4 Qc7 6. Nc3 Nf6 7. a3 d6 8. Be2
Be7 9. O-O O-O 10. Be3 Nbd7 11. Rc1 b6 12. b4 Bb7 13. f3 Rac8 14. Qb3 Rfe8 15.
Kh1 Qb8 16. Rfd1 Bd8 17. Bg1 Bc7 18. a4 Qa8 19. Bf1 d5 20. exd5 exd5 21. cxd5
Bf4 22. Rc2 Ne5 23. Nf5 Qb8 24. d6 Nxf3 25. Ne7+ Rxe7 26. dxe7 Nxg1 27. Ne2 Bd6
28. Rxc8+ Bxc8 29. Qd3 Ne8 30. Nxg1 Bxe7 31. Re1 Be6 32. Qxa6 Bxb4 33. Rb1 Nc7
34. Qd3 Nd5 35. Nf3 g6 36. Ng5 Qe5 37. Nxe6 fxe6 38. Be2 Qf5 39. Qxf5 gxf5 40.
Bc4 Bc5 41. Bxd5 exd5 42. Rf1 Be3 43. Rxf5 d4 44. g3 Kg7 45. Kg2 Kg6 46. g4 h6
47. Kf3 Kg7 48. Rb5 Bg1 49. Rxb6 Bxh2 50. Ke4 Bg1 51. Rd6 1-0

[Event "España Tch-Primera Division Sur"]
[Site "Santa Cruz de Tenerife ESP"]
[Date "2006.08.24"]
[Round "2"]
[White "Trujillo Delgado, Dafnae Lorena"]
[Black "Garcia Blanco, Omar"]
[Result "1-0"]
[WhiteElo "2164"]
[BlackElo "2018"]
[PlyCount "79"]
[EventDate "2006.08.23"]
[EventType "team"]
[EventRounds "2"]
[EventCountry "ESP"]
[Source "lmi"]
[SourceDate "2006.08.23"]
[WhiteTeam "C.A. AKFUR BUBAQUE COTELEC"]
[BlackTeam "CLUB AJEDREZ ANAND"]

1. e4 e5 2. Nf3 Nc6 3. Bb5 a6 4. Ba4 Nf6 5. d3 b5 6. Bb3 Bc5 7. O-O h6 8. c3
Bb6 9. a4 Bb7 10. axb5 axb5 11. Rxa8 Bxa8 12. Na3 Qb8 13. Nh4 Ne7 14. Qf3 c6
15. Nc2 d5 16. Ne3 dxe4 17. dxe4 c5 18. Bc2 Ng6 19. Nhf5 O-O 20. Nxh6+ Kh7 21.
Nhf5 Qb7 22. Nd5 Nxd5 23. exd5 Rh8 24. Be4 Kg8 25. Re1 Qd7 26. d6 Bxe4 27. Qxe4
Rh5 28. g4 Rh3 29. Bg5 c4 30. Rd1 f6 31. Be3 Bxe3 32. fxe3 Rh8 33. Ra1 Rh3 34.
Kg2 Rh8 35. Ra8+ Kh7 36. Ne7 f5 37. gxf5 Nf4+ 38. exf4 Rxa8 39. Qxa8 exf4 40.
Qg8+ 1-0

[Event "España Tch-Primera Division Sur"]
[Site "Santa Cruz de Tenerife ESP"]
[Date "2006.08.24"]
[Round "2"]
[White "Hidalgo Santana, Fernando"]
[Black "Guerrero Arroyo, Pedro"]
[Result "0-1"]
[WhiteElo "2234"]
[BlackElo "2097"]
[PlyCount "78"]
[EventDate "2006.08.23"]
[EventType "team"]
[EventRounds "2"]
[EventCountry "ESP"]
[Source "lmi"]
[SourceDate "2006.08.23"]
[WhiteTeam "C.A. SOCIEDAD LA DEMOCRACIA"]
[BlackTeam "C. AGRUPACION AJEDREZ RUY LOPEZ"]

1. e4 c5 2. c3 d5 3. exd5 Qxd5 4. d4 Nf6 5. Nf3 Nc6 6. Be2 Bg4 7. dxc5 Qxd1+ 8.
Bxd1 e5 9. b4 O-O-O 10. h3 Bh5 11. g4 Bg6 12. Bg5 Bd3 13. Ba4 h6 14. Be3 e4 15.
Bxc6 exf3 16. Bxf3 Ne4 17. Bxe4 Bxe4 18. O-O Be7 19. Bd4 Bg5 20. f4 Bf6 21. Rd1
Rhe8 22. Na3 Bf3 23. Rd3 Be2 24. Rd2 Bh4 25. Kg2 Rd7 26. Rc1 g5 27. Rcc2 Rde7
28. Bf2 Re4 29. Bxh4 gxh4 30. Rd6 Rxf4 31. Rxh6 Bf3+ 32. Kh2 Re1 33. Rxh4 Be4
34. Rh8+ Kd7 35. Rd2+ Ke7 36. Rh5 Rh1+ 37. Kg3 Rf3+ 38. Kh4 f6 39. g5 Rhxh3+
0-1

[Event "España Tch-Primera Division Sur"]
[Site "Santa Cruz de Tenerife ESP"]
[Date "2006.08.24"]
[Round "2"]
[White "Perez Candelario, Matias"]
[Black "Morales Camacho, Julian"]
[Result "0-1"]
[WhiteElo "2063"]
[BlackElo "2221"]
[PlyCount "90"]
[EventDate "2006.08.23"]
[EventType "team"]
[EventRounds "2"]
[EventCountry "ESP"]
[Source "lmi"]
[SourceDate "2006.08.23"]
[WhiteTeam "C. AGRUPACION AJEDREZ RUY LOPEZ"]
[BlackTeam "C.A. SOCIEDAD LA DEMOCRACIA"]

1. e4 c6 2. d4 g6 3. Bd3 d5 4. e5 Bg7 5. Ne2 Na6 6. c3 Nc7 7. O-O Nh6 8. Ng3 e6
9. Bf4 Nf5 10. Qd2 O-O 11. Ne2 f6 12. g4 Nh4 13. Qe3 fxe5 14. dxe5 g5 15. Bxg5
Qxg5 16. Qxg5 Nf3+ 17. Kg2 Nxg5 18. f4 Ne4 19. Bxe4 dxe4 20. Nd2 Nd5 21. Kg3 e3
22. Nf3 a5 23. c4 Nb4 24. Rfd1 Na6 25. Rd3 Nc5 26. Rxe3 Rd8 27. Ned4 Bh6 28. h4
Bd7 29. g5 Bf8 30. h5 Be8 31. Rh1 Rd7 32. a3 a4 33. Nxe6 Nxe6 34. f5 Nd4 35.
Nh4 Bxh5 36. e6 Re7 37. Re4 c5 38. Rhe1 Rae8 39. Kf4 Rc7 40. Ke5 Rc6 41. g6
hxg6 42. Rg1 Bg7+ 43. Kf4 gxf5 44. Rxd4 cxd4 45. Nxf5 Rc7 0-1

[Event "España Tch-Primera Division Sur"]
[Site "Santa Cruz de Tenerife ESP"]
[Date "2006.08.24"]
[Round "2"]
[White "Gonzalez Acosta, Angel"]
[Black "Guerrero Arroyo, Jorge"]
[Result "1-0"]
[WhiteElo "2091"]
[BlackElo "1816"]
[PlyCount "61"]
[EventDate "2006.08.23"]
[EventType "team"]
[EventRounds "2"]
[EventCountry "ESP"]
[Source "lmi"]
[SourceDate "2006.08.23"]
[WhiteTeam "C.A. SOCIEDAD LA DEMOCRACIA"]
[BlackTeam "C. AGRUPACION AJEDREZ RUY LOPEZ"]

1. e4 d5 2. exd5 Qxd5 3. Nc3 Qa5 4. d4 c6 5. Bd3 Nf6 6. h3 e6 7. Nf3 Nbd7 8.
O-O Bd6 9. Nd2 Qc7 10. Nde4 Be7 11. Nxf6+ Nxf6 12. Qf3 Nd5 13. Nxd5 exd5 14.
Re1 Be6 15. Re2 g6 16. Bf4 Bd6 17. Bxd6 Qxd6 18. Qf6 Kd7 19. Rae1 Rag8 20. f4
Re8 21. c3 Rhg8 22. Re5 h5 23. f5 gxf5 24. Bxf5 Qe7 25. Bxe6+ fxe6 26. Qxe7+
Rxe7 27. Rxh5 Rg3 28. Rh6 Reg7 29. Re2 b6 30. Rhxe6 Rxh3 31. R6e5 1-0

[Event "España Tch-Primera Division Sur"]
[Site "Santa Cruz de Tenerife ESP"]
[Date "2006.08.24"]
[Round "2"]
[White "Crespo Ramos, Maria"]
[Black "Cancio Lasso, Rayco"]
[Result "0-1"]
[WhiteElo "1619"]
[BlackElo "1991"]
[PlyCount "114"]
[EventDate "2006.08.23"]
[EventType "team"]
[EventRounds "2"]
[EventCountry "ESP"]
[Source "lmi"]
[SourceDate "2006.08.23"]
[WhiteTeam "C. AGRUPACION AJEDREZ RUY LOPEZ"]
[BlackTeam "C.A. SOCIEDAD LA DEMOCRACIA"]

1. e4 c5 2. Nc3 d6 3. g3 g6 4. Bg2 Bg7 5. f4 e6 6. d3 Ne7 7. Nf3 Nbc6 8. O-O
O-O 9. Bd2 b6 10. Rb1 Bb7 11. Ne2 Qd7 12. g4 f5 13. h3 e5 14. gxf5 gxf5 15. Qe1
fxe4 16. dxe4 Nd4 17. Nfxd4 exd4 18. Qg3 Kh8 19. Rf2 Qe6 20. f5 Qxa2 21. Rbf1
Be5 22. Bf4 Bxf4 23. Nxf4 Rg8 24. Qh4 Qf7 25. Ne6 Ba6 26. Ra1 Bb7 27. Ng5 Rxg5
28. Qxg5 Bxe4 29. Qf4 Bxg2 30. Kxg2 Qd5+ 31. Kh2 Rf8 32. f6 Ng6 33. Qf5 Qxf5
34. Rxf5 a5 35. Re1 Ne5 36. Rg1 Nc4 37. f7 Ne5 38. Re1 Kg7 39. Rg1+ Kh8 40.
Rgf1 Nc4 41. Rf6 Kg7 42. b3 Ne3 43. R1f2 Nxc2 44. Rxd6 Ne3 45. Rxb6 Rxf7 46.
Rxf7+ Kxf7 47. Kg3 d3 48. Kf4 Nd5+ 49. Ke4 Nxb6 50. Kxd3 Kf6 51. Ke4 Kg5 52.
Ke5 Kh4 53. Kd6 c4 54. bxc4 Nxc4+ 55. Kc5 Ne3 56. Kb5 Kxh3 57. Kxa5 h5 0-1

[Event "España Tch-Primera Division Sur"]
[Site "Santa Cruz de Tenerife ESP"]
[Date "2006.08.24"]
[Round "2"]
[White "Matamoros Franco, Carlos S"]
[Black "Jimenez Villena, Francisco Jose"]
[Result "1-0"]
[WhiteElo "2544"]
[BlackElo "2255"]
[PlyCount "67"]
[EventDate "2006.08.23"]
[EventType "team"]
[EventRounds "2"]
[EventCountry "ESP"]
[Source "lmi"]
[SourceDate "2006.08.23"]
[WhiteTeam "CLUB AJEDREZ LAURUS RONDA"]
[BlackTeam "C.A. TOTANA"]

1. c4 b6 2. Nf3 Bb7 3. g3 Bxf3 4. exf3 c5 5. d4 cxd4 6. Qxd4 Nc6 7. Qd1 e6 8.
Bg2 Bb4+ 9. Bd2 Rc8 10. O-O Nf6 11. f4 O-O 12. Bxb4 Nxb4 13. Qa4 a5 14. Nc3 Qc7
15. b3 d5 16. Nb5 Qe7 17. cxd5 exd5 18. a3 Nc2 19. Rad1 Qc5 20. Rd2 Ne4 21.
Bxe4 dxe4 22. Rc1 e3 23. Rdxc2 exf2+ 24. Kf1 Qxc2 25. Rxc2 Rxc2 26. Nd4 Ra2 27.
Ne2 Rd8 28. Kxf2 Kf8 29. Kf3 f5 30. Qb5 g6 31. Qxb6 Rd3+ 32. Kf2 Rdd2 33. Qe3
Kf7 34. Kf3 1-0

[Event "España Tch-Primera Division Sur"]
[Site "Santa Cruz de Tenerife ESP"]
[Date "2006.08.24"]
[Round "2"]
[White "Cano Sanchez, Josue"]
[Black "Alonso, Rene"]
[Result "1/2-1/2"]
[WhiteElo "2273"]
[BlackElo "2380"]
[PlyCount "114"]
[EventDate "2006.08.23"]
[EventType "team"]
[EventRounds "2"]
[EventCountry "ESP"]
[Source "lmi"]
[SourceDate "2006.08.23"]
[WhiteTeam "C.A. TOTANA"]
[BlackTeam "CLUB AJEDREZ LAURUS RONDA"]

1. d4 g6 2. Nf3 Bg7 3. Bg5 d6 4. c3 h6 5. Bf4 Nd7 6. e4 e5 7. dxe5 dxe5 8. Bg3
Ngf6 9. Nbd2 Qe7 10. Bh4 O-O 11. Bc4 b6 12. O-O Bb7 13. Re1 g5 14. Bg3 Ne8 15.
b4 Nd6 16. Bd3 Rfd8 17. Qc2 c5 18. b5 a6 19. a4 Qe6 20. c4 Ra7 21. Nf1 Rda8 22.
Ne3 axb5 23. cxb5 c4 24. Bxc4 Nxc4 25. Nxc4 Nc5 26. Nfd2 Rxa4 27. Rxa4 Rxa4 28.
f3 Ra8 29. Bf2 Bf8 30. Rc1 Rd8 31. h3 Rd7 32. Ra1 Rc7 33. Rc1 Rc8 34. Kh2 h5
35. g4 f6 36. Nb3 Nd7 37. Qd3 Be7 38. Ne3 Nc5 39. Nxc5 Bxc5 40. Kg2 Ra8 41. Rc2
hxg4 42. hxg4 Rc8 43. Nf5 Bf8 44. Rxc8 Bxc8 45. Qd8 Bd7 46. Bxb6 Kf7 47. Qc7
Kg8 48. Qd8 Kf7 49. Qc7 Kg8 50. Bc5 Bxc5 51. Qxc5 Qa2+ 52. Kg3 Qb1 53. b6 Qe1+
54. Qf2 Qb4 55. Qa2+ Kf8 56. Nh6 Be6 57. Qxe6 Qe1+ 1/2-1/2

[Event "España Tch-Primera Division Sur"]
[Site "Santa Cruz de Tenerife ESP"]
[Date "2006.08.24"]
[Round "2"]
[White "Perez Pardo, Juan Carlos"]
[Black "Tudela Corbalan, Carlos"]
[Result "1-0"]
[WhiteElo "2330"]
[BlackElo "2194"]
[PlyCount "89"]
[EventDate "2006.08.23"]
[EventType "team"]
[EventRounds "2"]
[EventCountry "ESP"]
[Source "lmi"]
[SourceDate "2006.08.23"]
[WhiteTeam "CLUB AJEDREZ LAURUS RONDA"]
[BlackTeam "C.A. TOTANA"]

1. c4 f5 2. Nf3 Nf6 3. g3 g6 4. Bg2 Bg7 5. O-O O-O 6. Nc3 d6 7. d4 Qe8 8. Re1
e5 9. dxe5 dxe5 10. e4 f4 11. gxf4 Nh5 12. Nd5 Na6 13. fxe5 Bg4 14. Nf6+ Bxf6
15. exf6 Rxf6 16. Qd5+ Be6 17. Qe5 Bg4 18. Qxe8+ Rxe8 19. Nd4 c5 20. f3 cxd4
21. fxg4 Nf4 22. Bxf4 Rxf4 23. h3 Nb4 24. Rad1 Nc6 25. e5 Kg7 26. e6 Re7 27. g5
h6 28. gxh6+ Kxh6 29. Bd5 Kg5 30. Rf1 Rxf1+ 31. Rxf1 d3 32. Kf2 Nd4 33. Ke3
Nxe6 34. Bxe6 Rxe6+ 35. Kxd3 Rd6+ 36. Kc3 Re6 37. Rf3 Re4 38. b4 Re2 39. a3 Kh4
40. c5 g5 41. b5 Re6 42. Kd4 a6 43. a4 axb5 44. axb5 Re7 45. c6 1-0

[Event "España Tch-Primera Division Sur"]
[Site "Santa Cruz de Tenerife ESP"]
[Date "2006.08.24"]
[Round "2"]
[White "Ibarra Jerez, Juan Miguel"]
[Black "Naranjo Moreno, Antonio"]
[Result "0-1"]
[WhiteElo "2163"]
[BlackElo "2256"]
[PlyCount "52"]
[EventDate "2006.08.23"]
[EventType "team"]
[EventRounds "2"]
[EventCountry "ESP"]
[Source "lmi"]
[SourceDate "2006.08.23"]
[WhiteTeam "C.A. TOTANA"]
[BlackTeam "CLUB AJEDREZ LAURUS RONDA"]

1. e4 e5 2. Nf3 Nc6 3. Bb5 a6 4. Ba4 Nf6 5. O-O Nxe4 6. d4 b5 7. Bb3 d5 8. dxe5
Be6 9. c3 Bc5 10. Nbd2 O-O 11. Bc2 Nxf2 12. Rxf2 f6 13. exf6 Bxf2+ 14. Kxf2
Qxf6 15. Nf1 Ne5 16. Ne3 Rae8 17. Bd3 g5 18. Kg1 Nxd3 19. Qxd3 g4 20. Nd2 Qf2+
21. Kh1 d4 22. Qxd4 Qe1+ 23. Nef1 Rxf1+ 24. Nxf1 Rf8 25. Bf4 Qxa1 26. Kg1 Bc4
0-1

[Event "España Tch-Primera Division Sur"]
[Site "Santa Cruz de Tenerife ESP"]
[Date "2006.08.24"]
[Round "2"]
[White "Almagro Mazariegos, Sebastian"]
[Black "Diaz Sanchez, Jose Francisco"]
[Result "1-0"]
[WhiteElo "2311"]
[BlackElo "1990"]
[PlyCount "113"]
[EventDate "2006.08.23"]
[EventType "team"]
[EventRounds "2"]
[EventCountry "ESP"]
[Source "lmi"]
[SourceDate "2006.08.23"]
[WhiteTeam "C.A. TIENDAS UPI B"]
[BlackTeam "PEÑA BARCELONISTA MELILLA"]

1. e4 c5 2. Nf3 e6 3. d4 cxd4 4. Nxd4 Nf6 5. Nc3 Nc6 6. Ndb5 d6 7. Bf4 e5 8.
Bg5 a6 9. Bxf6 gxf6 10. Na3 f5 11. g3 b5 12. Nd5 fxe4 13. Bg2 Be6 14. Bxe4 Rc8
15. c3 Bg7 16. Qd3 h6 17. Nc2 O-O 18. Nce3 Ne7 19. O-O Nxd5 20. Bxd5 Bxd5 21.
Qxd5 Qc7 22. Rfd1 Rfd8 23. a4 Qc6 24. axb5 axb5 25. Ra5 b4 26. Qxc6 Rxc6 27.
Nd5 Bf8 28. Nxb4 Rb6 29. Rxe5 dxe5 30. Rxd8 Kg7 31. Nd3 e4 32. Nf4 Rxb2 33.
Nh5+ Kg8 34. Nf6+ Kg7 35. Nxe4 Rb1+ 36. Kg2 Rb7 37. Rc8 Re7 38. Kf3 Re5 39. Kf4
Ra5 40. g4 Be7 41. c4 Bg5+ 42. Nxg5 hxg5+ 43. Ke4 Ra2 44. Kf3 Ra3+ 45. Kg2 Kf6
46. Rc5 Kg6 47. f3 Ra7 48. Rf5 f6 49. h4 gxh4 50. Kh3 Ra4 51. c5 Rc4 52. Kxh4
Rc3 53. Kg3 Rc4 54. Kf2 Kf7 55. g5 Kg6 56. gxf6 Kf7 57. Ke3 1-0

[Event "España Tch-Primera Division Sur"]
[Site "Santa Cruz de Tenerife ESP"]
[Date "2006.08.24"]
[Round "2"]
[White "Fernandez Molina, Victor Manuel"]
[Black "Sanchez Jimenez, Juan Carlos"]
[Result "0-1"]
[WhiteElo "1929"]
[BlackElo "2289"]
[PlyCount "48"]
[EventDate "2006.08.23"]
[EventType "team"]
[EventRounds "2"]
[EventCountry "ESP"]
[Source "lmi"]
[SourceDate "2006.08.23"]
[WhiteTeam "PEÑA BARCELONISTA MELILLA"]
[BlackTeam "C.A. TIENDAS UPI B"]

1. d4 e6 2. Nf3 f5 3. c4 Nf6 4. Nc3 Be7 5. g3 O-O 6. Bg2 d6 7. O-O Ne4 8. Qc2
Nxc3 9. bxc3 Nc6 10. d5 Na5 11. Qa4 b6 12. dxe6 Bxe6 13. Nd4 Bxc4 14. Bxa8 Qxa8
15. Nb3 Qd5 16. Nd2 Bxe2 17. Re1 Bb5 18. Qd4 Qf7 19. Rxe7 Qxe7 20. Qd5+ Rf7 21.
Qxb5 f4 22. Qd5 fxg3 23. Nf3 Qe2 24. hxg3 Qxf3 0-1

[Event "España Tch-Primera Division Sur"]
[Site "Santa Cruz de Tenerife ESP"]
[Date "2006.08.24"]
[Round "2"]
[White "Ruiz Jimenez, Francisco J"]
[Black "Garcia Gomez, Jose Manuel"]
[Result "1-0"]
[WhiteElo "2218"]
[BlackElo "1820"]
[PlyCount "73"]
[EventDate "2006.08.23"]
[EventType "team"]
[EventRounds "2"]
[EventCountry "ESP"]
[Source "lmi"]
[SourceDate "2006.08.23"]
[WhiteTeam "C.A. TIENDAS UPI B"]
[BlackTeam "PEÑA BARCELONISTA DE MELILLA"]

1. e4 c5 2. Nf3 d6 3. d4 cxd4 4. Nxd4 Nf6 5. Nc3 a6 6. Be3 e6 7. f3 Be7 8. Qd2
Qc7 9. O-O-O Nc6 10. g4 h6 11. h4 b5 12. Nxc6 Qxc6 13. Ne2 Bb7 14. Nd4 Qc7 15.
Kb1 Rc8 16. Bh3 Rg8 17. g5 hxg5 18. hxg5 Nd7 19. g6 Nf8 20. gxf7+ Kxf7 21. Bg5
Re8 22. Rhg1 Bxg5 23. Rxg5 Re7 24. Rdg1 Ke8 25. Bg4 Kd8 26. Rd1 Bc8 27. Qb4 Bd7
28. Ne2 Nh7 29. Rg6 Nf8 30. Rg5 Nh7 31. Rh5 Nf6 32. Rh4 g5 33. Rh6 Ne8 34. Nd4
a5 35. Qb3 Qc8 36. Nxb5 d5 37. exd5 1-0

[Event "España Tch-Primera Division Sur"]
[Site "Santa Cruz de Tenerife ESP"]
[Date "2006.08.24"]
[Round "2"]
[White "Javaloy Guerrero, Manuel A"]
[Black "Martos Exposito, Manuel"]
[Result "1/2-1/2"]
[WhiteElo "1759"]
[BlackElo "2158"]
[PlyCount "167"]
[EventDate "2006.08.23"]
[EventType "team"]
[EventRounds "2"]
[EventCountry "ESP"]
[Source "lmi"]
[SourceDate "2006.08.23"]
[WhiteTeam "PEÑA BARCELONISTA DE MELILLA"]
[BlackTeam "C.A. TIENDAS UPI B"]

1. e4 b6 2. d4 Bb7 3. Nc3 e6 4. Nf3 d6 5. Bd3 Nd7 6. O-O g6 7. Bg5 Ne7 8. Re1
a6 9. e5 d5 10. Ne2 Bg7 11. c3 c5 12. Qd2 h6 13. Be3 c4 14. Bc2 b5 15. Nf4 Nf8
16. h4 Nc6 17. a4 Qe7 18. axb5 axb5 19. Rxa8+ Bxa8 20. Ra1 Bb7 21. Nh3 Nd7 22.
Nf4 Nb6 23. Bxg6 Na4 24. h5 Na5 25. Bc2 Bc6 26. Bxa4 bxa4 27. Qc2 Nb3 28. Ra2
O-O 29. Qe2 Rb8 30. g4 Na5 31. Nh3 Qb7 32. Nd2 Nb3 33. Nf1 Qe7 34. g5 hxg5 35.
Bxg5 f6 36. exf6 Bxf6 37. Qg4 Kh8 38. Nf4 Rg8 39. Bxf6+ Qxf6 40. Ng6+ Kh7 41.
Ng3 Be8 42. Qf4 Qxf4 43. Nxf4 Bd7 44. Kg2 Rf8 45. Nh3 Kh6 46. Ng1 Nc1 47. Ra1
Nd3 48. Nf3 Rb8 49. Ne5 Nxe5 50. dxe5 Rxb2 51. Kf3 Be8 52. Ke3 Kg5 53. f4+ Kh4
54. f5 Kxg3 55. fxe6 a3 56. h6 Bg6 57. e7 Rb8 58. Kd4 Be4 59. Rxa3 Re8 60. Ra7
Kg4 61. h7 Bxh7 62. Kxd5 Bg8+ 63. e6 Kf5 64. Kxc4 Bxe6+ 65. Kd4 Rc8 66. Rc7 Re8
67. Ra7 Bc8 68. Kd5 Kf6 69. Kd6 Be6 70. Rc7 Bf7 71. c4 Ra8 72. c5 Be8 73. Rb7
Ra6+ 74. Rb6 Ra7 75. c6 Ra1 76. Rb7 Rd1+ 77. Kc7 Kxe7 78. Rb4 Bg6 79. Rb6 Bh5
80. Ra6 Bf3 81. Rb6 Ra1 82. Rb7 Ra6 83. Rb6 Ra1 84. Rb7 1/2-1/2

[Event "España Tch-Primera Division Sur"]
[Site "Santa Cruz de Tenerife ESP"]
[Date "2006.08.24"]
[Round "2"]
[White "Jimenez Martinez, Jose Vicente"]
[Black "Ramos Aguilar, Jose Manuel"]
[Result "1-0"]
[WhiteElo "2199"]
[BlackElo "2253"]
[PlyCount "84"]
[EventDate "2006.08.23"]
[EventType "team"]
[EventRounds "2"]
[EventCountry "ESP"]
[Source "lmi"]
[SourceDate "2006.08.23"]
[WhiteTeam "CLUB AJEDREZ PARQUE SUR"]
[BlackTeam " C.A. EBANO"]

1. d4 Nf6 2. c4 g6 3. Nc3 d5 4. cxd5 Nxd5 5. e4 Nxc3 6. bxc3 Bg7 7. Be3 c5 8.
Qd2 Qa5 9. Rc1 O-O 10. Nf3 cxd4 11. cxd4 Qxd2+ 12. Nxd2 Nc6 13. d5 Nd4 14. Bc4
Bd7 15. Nb3 Nxb3 16. Bxb3 Rfc8 17. Kd2 b6 18. f4 Bb2 19. Rxc8+ Rxc8 20. Rb1 Ba3
21. Bd4 Bb5 22. Bc2 Bc4 23. Bd3 Bxa2 24. Ra1 Bb4+ 25. Ke3 Bc4 26. Rxa7 b5 27.
Rb7 Ba3 28. g3 f6 29. Bxc4 bxc4 30. Bc3 Bc5+ 31. Kd2 Ra8 32. Rc7 Ra2+ 33. Kd1
Bd6 34. Rxc4 Rxh2 35. e5 fxe5 36. fxe5 Rh1+ 37. Kc2 Ba3 38. Kb3 Bc1 39. Rc8+
Kg7 40. e6+ Kh6 41. d6 Bg5 42. d7 Rh3 1-0

[Event "España Tch-Primera Division Sur"]
[Site "Santa Cruz de Tenerife ESP"]
[Date "2006.08.24"]
[Round "2"]
[White "Martin Luis, Cesar"]
[Black "Campayo Hernandez, Juan"]
[Result "1/2-1/2"]
[WhiteElo "2246"]
[BlackElo "2079"]
[PlyCount "91"]
[EventDate "2006.08.23"]
[EventType "team"]
[EventRounds "2"]
[EventCountry "ESP"]
[Source "lmi"]
[SourceDate "2006.08.23"]
[WhiteTeam "C.A. EBANO"]
[BlackTeam "CLUB AJEDREZ PARQUE SUR"]

1. d4 d5 2. c4 e6 3. Nf3 c6 4. Qc2 Nd7 5. g3 Ngf6 6. Bg2 Bd6 7. O-O Qe7 8. Bf4
O-O 9. c5 Bxf4 10. gxf4 Nh5 11. e3 f6 12. Qc3 Re8 13. Nbd2 e5 14. fxe5 fxe5 15.
Nxe5 Nxe5 16. dxe5 Qxe5 17. Qxe5 Rxe5 18. Nf3 Re7 19. Nd4 Nf6 20. b4 Ne4 21.
Rfc1 Bd7 22. a4 Rf8 23. Ra2 Rf6 24. b5 Ng5 25. bxc6 bxc6 26. Kh1 Nh3 27. Rcc2
Ref7 28. f4 Re7 29. Re2 g5 30. Bxh3 Bxh3 31. Ra1 gxf4 32. exf4 Rxe2 33. Nxe2
Bf5 34. Rd1 Be4+ 35. Kg1 Bf3 36. Rd2 Bxe2 37. Rxe2 Rxf4 38. Re6 Rxa4 39. Rxc6
Rc4 40. Ra6 Rxc5 41. Rxa7 Rc2 42. Rd7 Rd2 43. h3 h5 44. Kf1 Rd4 45. Kf2 Kf8 46.
Rh7 1/2-1/2

[Event "España Tch-Primera Division Sur"]
[Site "Santa Cruz de Tenerife ESP"]
[Date "2006.08.24"]
[Round "2"]
[White "Tierraseca Montero, Pablo"]
[Black "Marquez Abreu, Carlos"]
[Result "1-0"]
[WhiteElo "2082"]
[BlackElo "1970"]
[PlyCount "55"]
[EventDate "2006.08.23"]
[EventType "team"]
[EventRounds "2"]
[EventCountry "ESP"]
[Source "lmi"]
[SourceDate "2006.08.23"]
[WhiteTeam "CLUB AJEDREZ PARQUE SUR"]
[BlackTeam "C.A. EBANO"]

1. e4 c6 2. d4 d5 3. Nd2 dxe4 4. Nxe4 Bf5 5. Ng3 Bg6 6. h4 h6 7. f4 e6 8. Nf3
Nd7 9. h5 Bh7 10. Bd3 Bxd3 11. Qxd3 Ngf6 12. Bd2 Qc7 13. Ne5 Nxe5 14. dxe5 Nd7
15. O-O Bc5+ 16. Kh2 O-O 17. Ne4 Be7 18. Qg3 Rfd8 19. Be3 Kh8 20. Rad1 Nb6 21.
Rxd8+ Qxd8 22. f5 exf5 23. Rxf5 Qd5 24. Bxh6 gxh6 25. Qf4 Kg7 26. Nf6 Qe6 27.
Rg5+ Kh8 28. Rg8+ 1-0

[Event "España Tch-Primera Division Sur"]
[Site "Santa Cruz de Tenerife ESP"]
[Date "2006.08.24"]
[Round "2"]
[White "Blanco Sanjuan, Jorge"]
[Black "Fernandez Gutierrez, Rafael"]
[Result "1/2-1/2"]
[WhiteElo "2134"]
[BlackElo "2218"]
[PlyCount "83"]
[EventDate "2006.08.23"]
[EventType "team"]
[EventRounds "2"]
[EventCountry "ESP"]
[Source "lmi"]
[SourceDate "2006.08.23"]
[WhiteTeam "C.A. NEW - CHESS MADRID"]
[BlackTeam "C.A. CAJAGRANADA"]

1. d4 d5 2. c4 e6 3. Nc3 Nf6 4. Nf3 Be7 5. Bg5 h6 6. Bxf6 Bxf6 7. e3 O-O 8. Qc2
b6 9. cxd5 exd5 10. Bd3 c5 11. Nxd5 Bb7 12. Nxf6+ Qxf6 13. Be4 Bxe4 14. Qxe4
Nd7 15. O-O Rab8 16. Rac1 Rfe8 17. Qd3 a5 18. Qb5 Re7 19. Rfd1 g5 20. d5 Qd6
21. Qd3 Nf6 22. Rc2 Rd8 23. Rcd2 Ne4 24. Re2 f5 25. Ne1 Re5 26. f3 Nf6 27. e4
fxe4 28. fxe4 Rde8 29. Nf3 Rxe4 30. Rxe4 Rxe4 31. Nd2 Re7 32. Qg6+ Rg7 33. Qf5
b5 34. Rf1 Qxd5 35. Qxf6 Qxd2 36. Qe6+ Kh7 37. Rf6 Qc1+ 38. Rf1 Qxb2 39. Qe4+
Kg8 40. Qe8+ Kh7 41. Qe4+ Kg8 42. Qe8+ 1/2-1/2

[Event "España Tch-Primera Division Sur"]
[Site "Santa Cruz de Tenerife ESP"]
[Date "2006.08.24"]
[Round "2"]
[White "Pertiñez Soria, Juan Luis"]
[Black "Spitzer Isbert, Ramon"]
[Result "0-1"]
[WhiteElo "2170"]
[BlackElo "2128"]
[PlyCount "88"]
[EventDate "2006.08.23"]
[EventType "team"]
[EventRounds "2"]
[EventCountry "ESP"]
[Source "lmi"]
[SourceDate "2006.08.23"]
[WhiteTeam "C.A. CAJAGRANADA"]
[BlackTeam "C.A. NEW - CHESS MADRID"]

1. e4 c5 2. c3 d6 3. d4 Nf6 4. Bd3 Nc6 5. Nf3 Bg4 6. Qa4 Nd7 7. d5 Ncb8 8. Nfd2
e5 9. Na3 Be7 10. Ndc4 O-O 11. Ne3 Nb6 12. Qc2 Bc8 13. Qe2 Re8 14. h4 Bf8 15.
g4 Na6 16. Nf5 Nc7 17. Bg5 f6 18. Bd2 Kh8 19. O-O-O a6 20. Rdg1 Na4 21. g5 Bxf5
22. exf5 Nxd5 23. Qf3 Nf4 24. Bxf4 exf4 25. h5 fxg5 26. h6 gxh6 27. Re1 Qf6 28.
Re6 Rxe6 29. fxe6 Qg7 30. Re1 Re8 31. Nc4 b5 32. Qc6 Rd8 33. Na5 Nxc3 34. Nb7
Nxa2+ 35. Kb1 Nb4 36. Qe4 Nxd3 37. Qxd3 Qxb7 38. e7 Bxe7 39. Qf5 Qd7 40. Qf7
Bf8 41. Qd5 Bg7 42. f3 Be5 43. Rh1 Qf5+ 44. Ka2 Qc2 0-1

[Event "España Tch-Primera Division Sur"]
[Site "Santa Cruz de Tenerife ESP"]
[Date "2006.08.24"]
[Round "2"]
[White "Montolio Benedicto, Cesar"]
[Black "Cuesta Bustos, Raul"]
[Result "1/2-1/2"]
[WhiteElo "2067"]
[BlackElo "2165"]
[PlyCount "55"]
[EventDate "2006.08.23"]
[EventType "team"]
[EventRounds "2"]
[EventCountry "ESP"]
[Source "lmi"]
[SourceDate "2006.08.23"]
[WhiteTeam "C.A. NEW - CHESS MADRID"]
[BlackTeam "C.A. CAJAGRANADA"]

1. e4 e6 2. d3 d5 3. Nd2 c5 4. Ngf3 Nc6 5. g3 dxe4 6. dxe4 e5 7. Bg2 Nf6 8. O-O
Be7 9. c3 O-O 10. Qc2 Qc7 11. h3 b6 12. Re1 Ba6 13. Bf1 Bxf1 14. Nxf1 Qd7 15.
Kg2 Rfd8 16. Bg5 Ne8 17. Rad1 Qe6 18. Bxe7 Nxe7 19. Rxd8 Rxd8 20. b3 f6 21. Rd1
Rxd1 22. Qxd1 Qd6 23. Qxd6 Nxd6 24. N3d2 Nb5 25. Nb1 Kf7 26. Kf3 Ke6 27. Ke3 g6
28. f3 1/2-1/2